Tilastot visalle Valtiot, joiden nimessä on V

Klikkaa tästä pelataksesi tätä visaa!

Yleistilastot

  • Tätä visaa on pelattu 232 kertaa
  • Keskiarvotulos 20 / 28

Vastaustilastot

valtio% Oikein
Venäjä
98%
Valko-Venäjä
97%
Vietnam
95%
Viro
95%
Vatikaanivaltio
93%
Venezuela
92%
Vanuatu
91%
Yhdysvallat
86%
Saint Vincent ja Grenadiinit
73%
Tuvalu
73%
Latvia
71%
Slovenia
71%
Slovakia
70%
Itävalta
69%
Sveitsi
69%
Kongon demokraattinen tasavalta
67%
Kongon tasavalta
67%
Dominikaaninen tasavalta
64%
Keski-Afrikan tasavalta
60%
Moldova
60%
Kosovo
59%
Päiväntasaajan Guinea
59%
Kap Verde
58%
El Salvador
57%
Bosnia ja Hertsegovina
52%
Malediivit
51%
Saint Kitts ja Nevis
50%
Bolivia
49%

Tulosjakauma

Persentiili vastausten määrän mukaan

Jokaisen tuloksen saaneiden osuus

Tuloshistoriasi

Et ole pelannut tätä visaa